Подробности
| 000 -МАРКЕР |
| контрольное поле |
01797nam0a22003131 4500 |
| 001 - ИДЕНТИФИКАТОР ЗАПИСИ |
| контрольное поле |
v19\rc\2018804 |
| 005 - ИДЕНТИФИКАТОР ВЕРСИИ |
| контрольное поле |
20240424100931.0 |
| 035 ## - ДРУГИЕ СИСТЕМНЫЕ НОМЕРА |
| Идентификатор записи |
(NLR Aleph) 005099466 |
| 100 ## - ДАННЫЕ ОБЩЕЙ ОБРАБОТКИ |
| Данные общей обработки |
20080925d1903 |||y0rusy50 ca |
| 101 0# - ЯЗЫК РЕСУРСА |
| Язык текста, звукозаписи и т.д. |
русский |
| 102 ## - СТРАНА ПУБЛИКАЦИИ ИЛИ ПРОИЗВОДСТВА |
| Страна публикации |
Российская Федерация |
| 105 ## - ПОЛЕ КОДИРОВАННЫХ ДАННЫХ: ТЕКСТОВЫЕ МАТЕРИАЛЫ, МОНОГРАФИЧЕСКИЕ |
| Кодированные данные о монографическом текстовом документе |
y b ||||| |
| 200 1# - ЗАГЛАВИЕ И СВЕДЕНИЯ ОБ ОТВЕТСТВЕННОСТИ |
| Основное заглавие |
Каталог библиотеки Н.И. Костомарова, пожертвованной в 1894 г. Университету св. Владимира Алиной Леонтьевной Костомаровой |
| 210 ## - ПУБЛИКАЦИЯ, РАСПРОСТРАНЕНИЕ И ДР. |
| Место издания, распространения и т.д. |
Киев |
| Дата издания, распространения и т.д. |
1903 |
| 215 ## - ФИЗИЧЕСКАЯ ХАРАКТЕРИСТИКА |
| Специфическое обозначение материала и объем |
[2], VIII, 83 с. |
| Размеры |
25 |
| 300 ## - ОБЩИЕ ПРИМЕЧАНИЯ |
| Текст примечания |
Из предисл.: ... Каталог... сост. пом. библиотекаря Б.Ф. Бурзи (в настоящее время проф. в Нежинск. истор.-филол. ин-те) и Г.С. Дверницким |
| 532 10 - РАСШИРЕННОЕ ЗАГЛАВИЕ |
| Заглавие |
Каталог библиотеки Николая Ивановича Костомарова, пожертвованной в 1894 г. Университету св. Владимира Алиной Леонтьевной Костомаровой |
| 702 #1 - ИМЯ ЛИЦА - ВТОРИЧНАЯ ОТВЕТСТВЕННОСТЬ |
| Начальный элемент ввода |
Костомаров |
| Часть имени, кроме начального элемента ввода |
Н. И. |
| Дополнения к именам, кроме дат |
историк |
| Даты |
1817-1885 |
| Расширение инициалов личного имени |
Николай Иванович |
| Идентификатор авторитетной/нормативной записи |
RU\NLR\AUTH\779376 |
| Код отношения |
Прочие |
| 702 #1 - ИМЯ ЛИЦА - ВТОРИЧНАЯ ОТВЕТСТВЕННОСТЬ |
| Начальный элемент ввода |
Костомарова |
| Часть имени, кроме начального элемента ввода |
А. Л. |
| Даты |
1830-1908 |
| Расширение инициалов личного имени |
Алина Леонтьевна |
| Идентификатор авторитетной/нормативной записи |
RU\NLR\AUTH\770267549 |
| Код отношения |
Прочие |
| 702 #1 - ИМЯ ЛИЦА - ВТОРИЧНАЯ ОТВЕТСТВЕННОСТЬ |
| Начальный элемент ввода |
Бурзи |
| Часть имени, кроме начального элемента ввода |
Б. Ф. |
| Даты |
1863- |
| Расширение инициалов личного имени |
Бернард Фридрихович |
| Код отношения |
Составитель |
| 702 #1 - ИМЯ ЛИЦА - ВТОРИЧНАЯ ОТВЕТСТВЕННОСТЬ |
| Начальный элемент ввода |
Дверницкий |
| Часть имени, кроме начального элемента ввода |
Г. С. |
| Расширение инициалов личного имени |
Григорий Севастьянович |
| Код отношения |
Составитель |
| 710 02 - НАИМЕНОВАНИЕ ОРГАНИЗАЦИИ - ПЕРВИЧНАЯ ОТВЕТСТВЕННОСТЬ |
| Начальный элемент ввода |
Университет св. Владимира |
| Идентифицирующий признак |
Киев |
| Структурное подразделение |
Б-ка |
| Идентификатор авторитетной/нормативной записи |
RU\NLR\AUTH\889951430 |
| 801 #0 - ИСТОЧНИК ЗАПИСИ |
| Страна |
Российская Федерация |
| Организация |
NLR |
| Правила каталогизации |
psbo |
| 801 #1 - ИСТОЧНИК ЗАПИСИ |
| Страна |
Российская Федерация |
| Организация |
ProSoft-M |
| Источник данных |
rusmarc |
| 852 ## - МЕСТОНАХОЖДЕНИЕ И ШИФР ХРАНЕНИЯ |
| Идентификатор организации |
NLR |
| Шифр хранения (Call Number) |
653/К-72 |
| 942 ## - ДОПОЛНИТЕЛЬНЫЕ ЭЛЕМЕНТЫ ЗАПИСИ (АБИС) |
| Тип экземпляра АБИС |
Книга |
| 980 ## - КОЛЛЕКЦИЯ |
| Название коллекции |
Национальная библиография |